Central Library OPAC University of Rajshahi

আল্লাহ্‌র তলোয়ার : (Record no. 57538)

MARC details
000 -LEADER
fixed length control field 01192nam a2200253 a 4500
001 - CONTROL NUMBER
control field 57538
003 - CONTROL NUMBER IDENTIFIER
rucl marc code BD-RjUL
005 - DATE AND TIME OF LATEST TRANSACTION
control field 20211209080526.0
008 - FIXED-LENGTH DATA ELEMENTS--GENERAL INFORMATION
fixed length control field 160121s2004 bg ||||| |||| 00| 0 ben d
020 ## - INTERNATIONAL STANDARD BOOK NUMBER
International Standard Book Number 9840608100
Terms of availability : Tk 110.00
035 ## - SYSTEM CONTROL NUMBER
System control number (BD-RjUL)57662
040 ## - CATALOGING SOURCE
Original cataloging agency BD-RjUL
Language of cataloging ban
Transcribing agency BD-RjUL
Modifying agency BD-RjUL
041 ## - LANGUAGE CODE
Language code of text/sound track or separate title ben
082 ## - DEWEY DECIMAL CLASSIFICATION NUMBER
Edition number 23
Classification number 297.648
Author mark and year AKA 2004
100 ## - MAIN ENTRY--PERSONAL NAME
Personal name আকরাম, এ আই
9 (RLIN) 170848
245 10 - TITLE STATEMENT
Title আল্লাহ্‌র তলোয়ার :
Remainder of title (দি সোর্ড অব আল্লাহ) /
Statement of responsibility, etc. এ আই আকরাম, মোহাম্মদ আবদুল বাতেন অনূদিত
260 ## - PUBLICATION, DISTRIBUTION, ETC. (IMPRINT)
Place of publication, distribution, etc. ঢাকা :
Name of publisher, distributor, etc. ইসলামিক ফাউন্ডেশন,
Date of publication, distribution, etc. ২০০৪
300 ## - PHYSICAL DESCRIPTION
Pagination ৪৮৭ পৃ. ;
Size ২২ সেমি.
500 ## - GENERAL NOTE
General note (প্রখ্যাত মুসলিম জেনারেল খালিদ বিন ওয়ালিদের সামরিক জীবন ও অভিযানসমুহ)
650 ## - SUBJECT ADDED ENTRY--TOPICAL TERM
Topical term or geographic name as entry element সাহাবা
9 (RLIN) 119427
Topical term or geographic name as entry element Sahabah
9 (RLIN) 119428
700 ## - ADDED ENTRY--PERSONAL NAME
Personal name বাতেন, মোহাম্মদ আবদুল অনূদিত
942 ## - ADDED ENTRY ELEMENTS (KOHA)
Source of classification or shelving scheme Dewey Decimal Classification
Koha item type Books
Holdings
Lost status Source of classification or shelving scheme Damaged status Not for loan Collection code Permanent Location Current Location Shelving location Date acquired Source of acquisition Cost, normal purchase price Total Checkouts Full call number Date last seen Copy number Koha item type
  Dewey Decimal Classification   Not For Loan Non-fiction Central Library, University of Rajshahi Central Library, University of Rajshahi Reading Room 02/04/2012 Islamic foundation, Bangladesh. 110.00   B 297.648 AKA 2004 10/12/2016 C-1 Books